[Event "Tbilisi FIDE GP"]
[Site "Tbilisi"]
[Date "2015.02.18"]
[Round "4"]
[White "Grischuk, Alexander"]
[Black "Jobava, Baadur"]
[Result "1-0"]
[WhiteElo "2810"]
[BlackElo "2696"]
[Annotator "Roiz,M"]
[PlyCount "80"]
[EventDate "2015.02.15"]
[EventType "tourn"]
[EventRounds "11"]
[EventCountry "GEO"]
[EventCategory "20"]
[SourceTitle "CBM 165"]
[Source "ChessBase"]
[SourceDate "2015.03.11"]
[SourceVersion "1"]
[SourceVersionDate "2015.03.11"]
[SourceQuality "1"]

1. e4 c6 2. d4 d5 3. e5 Bf5 4. Nf3 e6 5. Be2 Nd7 6. O-O Bg6 7. Nbd2 Nh6 8. Nb3
Nf5 9. a4 {A typical positional idea - White is going to seize more space on
the queenside and restrict the mobility of Nd7.} ({Alexander deviates from his
previous successful game in this line:} 9. Bd2 Be7 10. g4 Nh6 (10... Nh4 11.
Nxh4 Bxh4 12. f4 f5 13. exf6 Qxf6 14. g5 Qf7 15. Na5 $14) 11. Ne1 (11. h3 $5)
11... c5 12. c3 (12. dxc5 $5 O-O 13. Nd3 Rc8 14. Be3 Qc7 15. f4 $14) 12... c4
13. Nc1 f5 14. exf6 Bxf6 15. b3 cxb3 16. Qxb3 Nf7 17. Qxb7 O-O $44 {1-0 (34)
Grischuk,A (2783)-Mamedyarov,S (2757)/Beijing CHN 2013}) 9... Rc8 {Baadur
doesn't hurry with the development of his queenside pieces. That rare text
move is aimed for preparing the standard c6-c5 advance.} ({GM Victor Laznicka
has successfully tried} 9... Be7 {but it can be strongly met by:} 10. g4 $1 (
10. a5 O-O 11. Bf4 a6 12. c3 Rc8 13. h3 c5 14. dxc5 Nxc5 $11 {0-1 (44) Svidler,
P (2753)-Laznicka,V (2679)/Dubai UAE 2014}) 10... Nh6 11. h3 (11. Ne1 c5 12.
Nxc5 Nxc5 13. dxc5 Bxc5 14. Bb5+ Kf8 $132) 11... O-O 12. Be3 Rc8 13. Qd2 c5 14.
dxc5 Nxc5 15. Nxc5 Bxc5 16. Bxc5 Rxc5 17. Nd4 $14) ({It looks like the
prophylactic} 9... a6 $5 {is more flexible than Baadur's move and gives Black
some chances for equality. For instance,} 10. a5 c5 11. c3 (11. c4 dxc4 12.
Bxc4 cxd4 13. Nbxd4 Nxd4 14. Qxd4 Bc5 15. Qf4 O-O $11) 11... Rc8 12. Bf4 cxd4
13. Nbxd4 Nxd4 14. Nxd4 Be7 $11 {1/2-1/2 (76) Vachier Lagrave,M (2745)-Wang
Hao (2735)/Beijing CHN 2013}) 10. a5 Bh5 $146 {Black is spending too much time
with moving the same piece, and eventually exchanges it. This approach doesn't
seem promising.} ({Previously,} 10... h5 {had failed to solve Black's problems
in the following top-level game:} 11. g3 Be7 12. Bf4 a6 13. c4 dxc4 14. Bxc4
O-O 15. Qe2 $14 {1-0 (36) Caruana,F (2779)-Tomashevsky,E (2703)/Elancourt FRA
2013}) ({After} 10... a6 11. c4 $1 {White manages to seize a lot of space and
gets some positional advantage:} (11. Bd2 c5 12. dxc5 Nxc5 13. Nxc5 Bxc5 {
was acceptable for Black in 1-0 (34) Kosintseva,T (2513)-Stefanova,A (2523)/
Tbilisi 2012}) 11... Bh5 (11... dxc4 12. Nbd2 c5 13. Nxc4 cxd4 14. Nxd4 $36)
12. c5 Be7 13. h3 Bxf3 14. Bxf3 Bg5 15. Bg4 Bxc1 16. Nxc1 $14) 11. h3 (11. c3
$5 a6 (11... Be7 12. h3 Bxf3 13. Bxf3 Bg5 14. Bg4 Bxc1 15. Nxc1 Nh6 16. f4 $14)
12. h3 Bxf3 13. Bxf3 c5 14. Bg4 $14) 11... Bxf3 (11... Nh4 12. Nxh4 Bxe2 13.
Qxe2 Qxh4 14. f4 $36) 12. Bxf3 g6 {Black's position is solid, but rather
passive now. I guess, Baadur wasn't happy with his choice.} ({The standard
c6-c5 advance doesn't help Black much now:} 12... c5 13. c3 Be7 14. Bg4 c4 15.
Nd2 $36) (12... Be7 13. Bg4 O-O 14. c3 $14) 13. Re1 {Alexander doesn't hurry
with drastic measures and improves his position step by step.} (13. Bg4 $5 {
also deserved serious attention:} h5 14. Bxf5 gxf5 15. Be3 c5 16. c3 $14 {
and the weakness of Black's k-side structure may tell soon.}) 13... h5 (13...
Be7 14. c3 O-O 15. Be2 c5 16. a6 b6 17. Bb5 $14) 14. Qd3 Bh6 {Black is
suffering from a lack of space, so any exchanges should favour Jobava.} ({Now} 
14... c5 15. c4 $1 {could be strongly met by:} dxc4 16. Qxc4 cxd4 17. Qa4 $36)
15. Bxh6 Rxh6 16. c4 $1 {Black's setup on the k-side is very solid, so it
makes sense to extend the initiative on the opposite side.} dxc4 ({Perhaps,} 
16... a6 $5 {was better, though White has a clear edge there as well. For
instance,} 17. Rac1 Kf8 18. Qc3 Rb8 19. cxd5 cxd5 20. Be2 Rh8 21. Bd3 $14) 17.
Qxc4 Kf8 18. Rac1 Ne7 {The main idea behind that move is protecting the Rc8,
so White cannot push d4-d5 yet.} 19. Qc3 $1 {Making the c4-spot vacant for the
knight.} Kg7 20. Nd2 Rh8 21. Nc4 Rb8 22. Be4 $16 {Grischuk's natural play is
quite impressive. Almost all his pieces are at their ideal places.} a6 23. Red1
Nc8 $2 {Black's position was extremely unpleasant, but this mistake makes it
hopeless.} ({It was necessary to sit and wait:} 23... Rf8 24. Re1 Nc8 $16) 24.
d5 $1 {A decisive breakthrough.} cxd5 25. Bxd5 b5 {This move looks like
desperation.} ({Indeed,} 25... exd5 {loses on the spot:} 26. Rxd5 Kh7 27. Rcd1
$18) (25... Qe7 26. Bf3 Rd8 27. Qe3 Nf8 28. Rd4 Rxd4 29. Qxd4 $18 {is just
lost from positional point of view.}) 26. Bc6 bxc4 27. Rxd7 Qg5 28. Bb7 ({
Even simpler was} 28. Rcd1 Ne7 $140 29. h4 $1 Qxh4 30. R1d4 Qg5 31. f4 $18)
28... Ne7 29. Qe3 {Being under time pressure, Alexander is looking for
simplifications.} (29. Rcd1 {was also good enough:} Rhe8 (29... Nf5 30. Qxc4
$18) 30. Qxc4 Qxe5 31. Qxa6 Qxb2 32. Qa7 $18) ({Or} 29. f4 Qh4 30. Qd2 Nf5 31.
Rxc4 $18) 29... Qxe3 30. fxe3 Nf5 (30... Nd5 {offered no hope either:} 31. e4
Nf4 32. Rxc4 Nd3 33. Rcc7 Nxe5 34. Rd6 Rhd8 35. Rxd8 Rxd8 36. Bxa6 Ra8 37. Rc5
Nd7 38. Bb7 Ra7 39. Rb5 $18) 31. Rxc4 Nxe3 ({After} 31... Rhd8 32. Rxd8 Rxd8
33. Ra4 $1 Rb8 34. Bxa6 Rxb2 35. Bf1 $18 {White's passer decides the game.})
32. Rc6 (32. Rc3 {was a bit stronger:} Nf5 33. b4 Rhd8 34. Rxd8 Rxd8 35. Bxa6
$18) 32... Rhd8 33. Rxd8 Rxd8 34. Rxa6 Rd1+ 35. Kf2 Nc4 36. b3 Nxe5 {Black's
pieces are quite active now, but the passed pawns are too strong.} 37. Rb6 Ra1
38. a6 Kf6 (38... Nd7 39. Rd6 Ra2+ 40. Ke3 Nb8 41. b4 $18) 39. Rb5 $1 {The
last precise move.} (39. b4 $6 {would be inaccurate:} Ke7 40. Rb5 Kd6 $16)
39... Ra3 40. Ke2 h4 {Baadur resigns in view of 41.b4 or 41.Kd2 with an easy
win for White in both cases.} 1-0

[Event "World Cup"]
[Site "Khanty-Mansiysk"]
[Date "2009.11.24"]
[Round "2.1"]
[White "Cheparinov, Ivan"]
[Black "Bologan, Viktor"]
[Result "1/2-1/2"]
[WhiteElo "2671"]
[BlackElo "2692"]
[Annotator "Postny,E"]
[PlyCount "108"]
[EventDate "2009.11.21"]
[EventType "k.o."]
[EventRounds "7"]
[EventCountry "RUS"]
[SourceTitle "CBM 134"]
[Source "ChessBase"]
[SourceDate "2010.01.18"]
[SourceVersion "1"]
[SourceVersionDate "2010.01.18"]
[SourceQuality "1"]

1. e4 c6 2. d4 d5 3. e5 Bf5 4. Nf3 e6 5. Be2 Ne7 6. O-O c5 7. c4 {This is the
most principled way to meet Black's last move. White is trying to open up the
center before Black completed his development. Quiet alternatives like 7.c3 do
not cause Black any troubles.} Nbc6 8. Na3 (8. dxc5 d4 9. Bd3 Bxd3 10. Qxd3 Ng6
11. Qe4 Bxc5 12. Nbd2 O-O 13. Nb3 Qb6 14. h4 h6 15. h5 Nge7 $11 {1/2-1/2
Gelfand,B (2703)-Karpov,A (2693)/Cannes 2002/CBM 088 (43)}) 8... dxc4 9. Bg5 ({
Usually White starts with} 9. Nxc4 {and only now} Nd5 10. Bg5 {, but after} Qd7
{it's just a transposition.}) 9... Qd7 10. Nxc4 (10. dxc5 Nd5 11. Bxc4 Bxc5 12.
Nb5 a6 13. Nbd4 Nxd4 14. Nxd4 Bg6 15. Rc1 Ba7 16. Bxd5 exd5 $11) 10... Nd5 11.
Rc1 h6 12. Be3 {Bologan already has experience in this line being on the white
side.} b5 (12... cxd4 13. Nxd4 Nxd4 14. Bxd4 Be7 15. Bf3 O-O 16. Ne3 Bg5 17.
Qb3 Bxe3 18. fxe3 Bg6 19. e4 Ne7 20. Bc5 Rfc8 21. Rcd1 Qe8 22. Bd6 $16 {
1-0 Bologan,V (2663)-Erenburg,S (2499)/Istanbul 2003/CBM 096 (43)}) 13. Nd6+ $2
{This is a punch in the air. In the tie-break game two days later Cheparinov
unleashed an improvement 13.Na3.} (13. Na3 $1 {This poses some problems for
Black. This position is critical for evaluation of the whole line.} a6 (13...
Nxe3 14. fxe3 a6 15. dxc5 Qxd1 16. Rfxd1 Be4 17. Nxb5 $1 axb5 18. Bxb5 Rc8 19.
Nd4 $16) 14. dxc5 Be7 15. Nc2 Nxe3 (15... O-O 16. Ncd4 Be4 17. a4 $14) 16. Nxe3
Be4 17. a4 $14 {1/2-1/2 Cheparinov,I (2671)-Bologan,V (2692)/Khanty-Mansiysk
RUS 2009/The Week in Chess 786 (70)}) 13... Bxd6 14. exd6 c4 {Now it's quite
obvious that White is the one who has to think about an equality.} 15. a4 (15.
b3 Qxd6 16. bxc4 bxc4 17. Bxc4 O-O {is similar to the game, just with the
presense of the a-pawns.}) 15... a6 16. axb5 axb5 17. b3 Qxd6 18. bxc4 bxc4 19.
Bxc4 O-O {Black is slightly better.} 20. Bxd5 exd5 21. Qd2 Be4 22. Ne5 {
Correctly trying to swap knights even at a price of a pawn.} Na5 (22... Nxe5
23. dxe5 Qxe5 {would yield Black a pawn, but no real winning chances due to
the presense of opposite colour bishops. The d-pawn will be securely blocked.})
23. Qd1 f6 24. Nd3 Nc4 25. Bf4 Qd7 26. Nc5 Qf5 27. Bg3 Ra2 28. Nxe4 (28. Re1
Bc2 29. Qe2 $11) 28... Qxe4 29. Re1 Qf5 30. Qb3 Rfa8 31. Qb7 Kh7 32. Qb1 $1 {
This is not forced, but from practical point of view I like this decision.
After queen's swap it will be easier for White to defend.} Qxb1 33. Rxb1 Rd2
34. h4 Rxd4 35. Rb7 {Black won a pawn, but white's counterplay along the 7th
rank is sufficient.} h5 36. f3 Kg6 37. Ree7 Rg8 38. Rbd7 Rd3 39. Kf2 Kf5 {
Black has to give the Pg7, otherwise he can't make any progress.} 40. Rxg7 Rxg7
41. Rxg7 Rd2+ 42. Kg1 d4 43. Rh7 Ne3 44. Bf2 Rd1+ 45. Kh2 Nf1+ 46. Kh3 d3 (
46... Kg6 47. Rd7 d3 48. Bg3 d2 49. Bf4 Rb1 50. Rxd2 Nxd2 51. Bxd2 {leads to a
drawish position.}) 47. Rxh5+ Kg6 48. Rd5 d2 49. h5+ Kf7 50. h6 Kg6 51. Rd7
Kxh6 52. Bg3 Kg5 (52... Rb1 53. Rxd2 Nxd2 54. Bf4+ Kg6 55. Bxd2 $11) 53. Rd4
Kf5 54. Bf4 Ne3 (54... Ne3 55. Bxe3 Rh1+ 56. Kg3 d1=Q 57. Rxd1 Rxd1 $11)
1/2-1/2

[Event "Paris FIDE GP"]
[Site "Elancourt"]
[Date "2013.10.03"]
[Round "10"]
[White "Ponomariov, Ruslan"]
[Black "Wang, Hao"]
[Result "1/2-1/2"]
[WhiteElo "2756"]
[BlackElo "2747"]
[Annotator "Postny,E"]
[PlyCount "93"]
[EventDate "2013.09.22"]
[EventType "tourn"]
[EventRounds "11"]
[EventCountry "FRA"]
[EventCategory "20"]
[SourceTitle "CBM 157"]
[Source "ChessBase"]
[SourceDate "2013.11.12"]
[SourceVersion "1"]
[SourceVersionDate "2013.11.12"]
[SourceQuality "1"]

1. e4 c6 2. d4 d5 3. e5 Bf5 4. Nf3 e6 5. Be2 Ne7 6. c3 {The point of this
order of moves is probably to avoid the messy line 6.0-0 c5, while after 6.c3
c5 White can take 7.dxc5 and protect the pawn by b2-b4 before castling.} Nd7 ({
Black can also play} 6... h6 {followed by Bf5-h7. Later on the knight might
come out to f5.}) 7. O-O h6 8. Na3 a6 {Black needs to cover the b5-square, as
he is going to play c6-c5.} 9. Nc2 Bh7 (9... c5 {In this particular position
rather risky.} 10. dxc5 Nxc5 11. Ncd4 Be4 12. Be3 Ng6 $6 (12... Qc7 $14) 13.
Nd2 $2 {Correct idea, but wrong execution.} (13. b4 $1 Nd7 14. Nd2 $1 Ngxe5 15.
f4 Nc6 $2 (15... Nd3 16. Nxe4 dxe4 17. Bxd3 exd3 18. f5 e5 19. Ne6 $1 $16) 16.
Nxe6 $1 fxe6 17. Bh5+ Ke7 (17... g6 18. Nxe4 gxh5 19. Qxh5+ Ke7 20. f5 dxe4 21.
fxe6 $18) 18. Nxe4 dxe4 19. f5 {with crushing attack.}) 13... Nxe5 14. Nxe4
Nxe4 15. f4 Nd7 $17 {0-1 (38) Sutovsky,E (2654)-Morozevich,A (2707) Beersheba
2005}) 10. Nfe1 (10. Nce1 c5 11. Bd3 Bxd3 12. Nxd3 Ng6 13. g3 Be7 14. h4 h5 15.
Re1 Rc8 16. Be3 c4 17. Nc1 Rc6 18. Qc2 Nb6 19. Ne2 $14 {1/2-1/2 (94) Anand,V 
(2650)-Karpov,A (2730) Brussels 1991}) 10... c5 11. Bd3 {White has to exchange
the light-squared bishops, otherwise he can't really develop his play on the
kingside.} Bxd3 12. Nxd3 Rc8 $146 (12... Ng6 13. f4 c4 {In general, this idea
of closing the centre is not recommended for Black.} 14. Nde1 Ne7 15. Ne3 $14)
13. g3 {Perhaps too slow.} (13. Nxc5 Nxc5 14. dxc5 Rxc5 15. Be3 Rc8 16. Nd4 Ng6
17. f4 Bc5 18. f5 exf5 19. Nxf5 O-O $11) (13. Nf4 $5 {deserved attention with
an idea to place the knight on h5.}) 13... Qc7 14. Ne3 h5 (14... cxd4 15. cxd4
Qb6 16. Nf4 Nc6 17. Nc2 Be7 $11) 15. a3 Nc6 16. Nf4 cxd4 17. cxd4 Qb6 {The Pd4
is the main target for Black. White has to defend it, and therefore can't have
a free hand on the kingside.} 18. Ne2 Na5 (18... h4 19. Qd3 Be7 20. f4 hxg3 21.
hxg3 f5 $11) 19. b4 Nc4 20. Ng2 {Ruslan decided to keep the knights rather
than an exchange for a while. Basically the side with space superiority should
refrain from exchanges, but here White won't be able to keep that for long.}
Nb8 21. Bg5 Nc6 {[%cal Ga6a5]} 22. Ne3 Nxe3 (22... a5 $2 23. Nxc4 dxc4 24. d5
$36) 23. fxe3 Be7 24. Bxe7 Nxe7 25. Rc1 (25. Nf4 g6 $11) 25... Rxc1 26. Qxc1
O-O $11 27. Qc5 Qd8 28. Nf4 g6 29. Rc1 {White controls the c-file, but it
doesn't bring him any real benefits. Black gets counterplay on the other side
of the board due to the weakness of White's kingside.} Nf5 30. Kf2 Qg5 31. Rg1
b6 32. Qc3 (32. Qxb6 $4 Rc8 $19 {[%cal Gc8c2]}) 32... Ne7 33. Rc1 h4 34. Kf3 $6
(34. Qe1 Nf5 35. Kf3 Nh6 36. h3 hxg3 37. Qxg3 $11) 34... hxg3 35. hxg3 Nf5 $6 (
{Black could pose a problem to his opponent by} 35... f6 $1 36. Qc7 (36. Nxe6
$2 Qf5+ $19) (36. exf6 $2 Qxf6 $19 {[%cal Gg6g5]}) 36... fxe5 37. dxe5 Nf5 38.
Rg1 Ng7 {The idea of moving the queen to f5 (or h6), followed by g6-g5 is very
unpleasant.}) 36. Qe1 {Now White is safe.} a5 37. b5 Qe7 38. Rc3 a4 39. g4 Nh6
40. Rc2 Kg7 41. Qc1 Qh4 42. Rg2 Qe7 43. Rg1 Rh8 44. Rh1 Qg5 45. Rg1 {Neither
side can improve his position.} Qe7 46. Rh1 Qg5 47. Rg1 1/2-1/2

[Event "EU-Cup 27th"]
[Site "Rogaska Slatina"]
[Date "2011.10.01"]
[Round "7"]
[White "Caruana, Fabiano"]
[Black "Eljanov, Pavel"]
[Result "0-1"]
[WhiteElo "2712"]
[BlackElo "2683"]
[Annotator "Eljanov,P"]
[PlyCount "112"]
[EventDate "2011.09.25"]
[EventType "team-swiss"]
[EventRounds "7"]
[EventCountry "SLO"]
[SourceTitle "CBM 145"]
[Source "ChessBase"]
[SourceDate "2011.11.11"]
[SourceVersion "1"]
[SourceVersionDate "2011.11.11"]
[SourceQuality "1"]
[WhiteTeam "SHSM-64"]
[BlackTeam "Saratov Ekonomist"]
[WhiteTeamCountry "RUS"]
[BlackTeamCountry "RUS"]

1. e4 c6 {Our previous game saw the ''Berlin wall''. This time I had decided
to enter a more complex game.} 2. d4 d5 3. e5 Bf5 4. Nd2 e6 5. Nb3 Nd7 6. Nf3
c5 7. dxc5 Bxc5 {A modern way to handle this system. Black is ready to get a
rid of his dark-squared bishop.} 8. Nxc5 Nxc5 9. Nd4 Ne7 10. Bb5+ ({White
could take the second bishop,but after} 10. Nxf5 Nxf5 11. Bb5+ Nd7 12. O-O O-O
13. Re1 Qc7 $11 {Black gets a comfortable position, while the Pe5 is somewhat
weak.}) 10... Nd7 11. Bg5 {That move was connected with an interesting
strategical idea.} (11. O-O O-O 12. f4 a6 13. Be2 Be4 $11) 11... Bg6 {A
logical retreat. Black keeps a flexible pawn structure.} (11... O-O 12. Nxf5
exf5 13. Bxe7 (13. Qe2 $5) 13... Qxe7 14. Bxd7 Qxd7 15. O-O Rfd8 16. Qd4 Rac8
$11 {1-0 Antal,T (2222)-Magyar,O (2248)/Paks HUN 2011/The Week in Chess 863 
(41)}) 12. Qd2 $146 {The white king can hardly feel safe on the q-side,so
white's last move doesn't really bring a ''new life'' in this position.} ({
In the following recent game Black solved all his problems too:} 12. h4 h6 13.
Bxe7 Qxe7 14. h5 Bh7 15. Qg4 O-O 16. Bxd7 Qxd7 17. O-O Rac8 18. c3 b5 19. a3 a5
20. Rfe1 b4 $6 (20... Rc4 21. Re3 Kh8 22. b3 Rc7 23. Rg3 Rg8 $11) 21. axb4 axb4
22. Re3 (22. cxb4 $1 Rc4 23. b5 Qxb5 24. Qxg7+ Kxg7 25. Nxb5 $14) 22... bxc3
23. bxc3 Kh8 24. Rg3 Rg8 $11 {1/2 De la Riva Aguado,O (2541)-Peralta,F (2602)/
Barcelona ESP 2011 (33)}) ({After} 12. O-O a6 13. Bxd7+ Qxd7 14. Bxe7 Qxe7 $11
{White has a very safe position, but he can hardly make any progress.}) 12...
a6 ({It looks a bit strange, but probably he can even afford} 12... O-O $5 13.
Qb4 Re8 14. Qd6 (14. Qa4 Nc5 15. Qa3 Nd7 $11) 14... Nf5 15. Bxd7 Nxd6 16. Bxd8
Rexd8 17. Bxe6 fxe6 18. exd6 e5 19. Nf3 Rxd6 $11) 13. Bxe7 Qxe7 14. Bxd7+ Qxd7
15. h4 {I can hardly recommend any other constructive plan.} ({For instance,
after} 15. O-O O-O 16. f4 $6 Be4 17. Rae1 f6 18. exf6 Rxf6 $15 {[%csl Ge4] the
bishop is extremely strong.}) 15... h5 ({As we can see according the above
mentioned game,black's possible reaction is also:} 15... h6 16. h5 Be4 17. O-O
O-O $11) 16. c3 b5 {Not hurrying with castling.} (16... O-O $2 {would offer
White additional chances:} 17. Qg5 Rac8 18. g4 hxg4 19. Qxg4 Qc7 20. Qe2 $36)
17. Qg5 ({After} 17. Rh3 a5 18. a3 O-O 19. Qg5 (19. Kf1 Rfc8 20. Kg1 Rc4 21.
Rg3 Rb8 $11) 19... b4 $132 {Black is just in time to start his counterplay.})
17... a5 18. a3 Rc8 19. O-O O-O {Only now! White has no time to push g2-g4.}
20. Rfe1 ({White could still try} 20. f3 $5 {[%cal Gg2g4]} Rc4 ({Another
interesting idea to meet it is:} 20... Kh7 $5 21. g4 $140 f6) 21. g4 hxg4 22.
fxg4 {but the endgame after} Qd8 23. Qxd8 Rxd8 {is OK for Black. For instance,}
24. Rf4 b4 25. cxb4 Be4 26. Rd1 axb4 27. axb4 Ra8 28. b5 Raa4 29. Nc6 Rc5 30.
Nd4 Rcc4 $11) 20... Rc4 21. Re3 (21. g4 {is not dangerous for black. The play
may continue:} Qd8 22. gxh5 Qxg5+ 23. hxg5 Bxh5 24. Nxb5 Rg4+ 25. Kh2 Rb8 26.
a4 Rxg5 $15) 21... b4 22. axb4 axb4 23. g4 {What else?} bxc3 24. bxc3 Qd8 $1
$11 {White cannot avoid the exchange of queens, so there is no attack anymore.
I was quite satisfied with my position,but at this moment White is not in a
danger yet.} 25. gxh5 (25. Qxd8 $5 Rxd8 26. g5 Rdc8 27. Ra3 $11) 25... Qxg5+
26. hxg5 Bxh5 27. f3 $6 {The first slight inaccuracy. There was no reason to
remove the knight from d4, since White could easily protect the pawn with the
second rook.} (27. Rh3 $142 g6 28. Re3 Rfc8 29. Ra3 $11) 27... Rfc8 28. Ne2 ({
Now, after} 28. Ra3 Kh7 29. Kf2 Kg6 30. f4 Rb8 31. Kg3 Rb1 32. Ra6 Rf1 {
Black is slightly better due to his activity, but White should hold on with
energetic play:} 33. f5+ Rxf5 34. Nxf5 Kxf5 35. Rb6 {[%cal Gb6b4]}) 28... Rb8
29. Kf2 (29. Nd4 Kh7 30. f4 Rb2 $15) 29... Bg6 ({I could activate my king
immediately, but after:} 29... Kh7 $5 30. Nd4 Kg6 31. f4 $15 {White should
hold on.}) 30. Kg3 Rc7 {The rook is not useful on c4 anymore.} 31. Nd4 Rbc8 32.
Ra3 ({White could achieve an immediate draw by:} 32. Nb5 $1 Rc5 33. Nd6 Rxc3
34. Nxc8 Rxe3 35. Ne7+ Kf8 36. Nxg6+ fxg6 37. Ra8+ Kf7 38. Ra7+ Kg8 39. Ra8+
Kf7 (39... Kh7 $6 40. Kf4 Rb3 41. Ra6 $14) 40. Ra7+ $11) 32... Rc5 33. Rb3 Kh7
{Although I didn't see any constructive plan, according to our situation in
this match I had to play for a win.} 34. Ne2 {Once again, there was no reason
to remove the knight from its ideal position.} (34. Ra3 $11) 34... R5c7 35. Nd4
Ra7 36. Kf4 $6 {One more step in a wrong direction!} ({White could activate
his rook:} 36. Rb6 Ra1 37. Rc6 Rg1+ (37... Rb8 38. Re2 Bh5 39. Rh2 Kg6 40. f4 {
[%cal Gf4f5]} Rg1+ 41. Rg2 $11) 38. Kf2 Rxc6 39. Kxg1 $11) 36... Ra1 {Now the
position is unpleasant for White, since the Ra1 may disturb him all the time.}
37. Rb2 Rc1 38. Ne2 Rc4+ 39. Kg3 Re1 40. Rd2 Ra4 {Black has got all he could,
but it's still not enough...} 41. Rd4 Ra2 42. Rh4+ Kg8 43. Kf2 Rb1 44. Kg3 Ra3
45. Kf2 {It's obvious that Black cannot do much without bringing his king into
play.} Rb2 46. Kg3 Rc2 47. Rb4 Ra1 48. Rh4 Re1 49. Kf2 Rd1 50. Rd4 Rh1 51. Kg3
Rh5 ({After} 51... Bf5 $5 52. Rh4 Re1 53. Rh2 g6 (53... Kf8 $6 54. Kf4 {
[%cal Ge2d4] and White is consolidating.}) 54. Rf2 Kf8 55. Rh2 Ke7 56. Kf4 $15
{White's life is not easy, but it's possible to hold on.}) 52. f4 $2 {A
decisive mistake. A weakness of white's king and a lack of coordination don't
leave white any hopes.} ({White had to find} 52. Rg4 $1 Bf5 $6 ({Black should
play} 52... Rh1 53. Rd4 Bf5 $15 {getting the position from the previous note.})
53. Nd4 Bxg4 54. fxg4 Rhh2 55. Nxc2 Rxc2 56. g6 fxg6 57. Kf4 {with an obvious
draw.}) 52... Bf5 $19 {White has almost no moves.} 53. Kf3 Rh2 (53... Rh3+ 54.
Ng3 (54. Kf2 Rh2+ 55. Kf1 Bh3+ 56. Ke1 Bg4 57. Rd2 Rh1+ $19) 54... Rhh2 55. Ne2
Kh7 $19) 54. Rb4 (54. c4 {looks like an agony, but there is nothing better.
Black easily wins after} dxc4 55. Rd1 Bg6 (55... Kh7 56. Re1 Bd3 57. Ng3 Rcf2+
58. Kg4 Rhg2 59. Kh3 Kg6 $19) 56. Ng3 c3 57. Rf1 Kh7 $19) 54... Kh7 55. Ra4 Kg6
56. Rb4 Kh5 {[%cal Gf5g4] That's it. White cannot avoid the loss of his knight,
so Fabiano resigned.} ({The following line is obvious:} 56... Kh5 57. Ng3+ Kh4
58. Nxf5+ exf5 {and mate is coming.}) 0-1